ბათუმის შოთა რუსთაველის სახელმწიფო უნივერსიტეტის ბიბლიოთეკა

სასოფლო-სამეურნეო მეტეოროლოგიისა და კლიმატოლოგიის საფუძვლები (ბიბ.ჩანაწერი № 44489)

000 -LEADER
fixed length control field 01021nam a2200229Ia 4500
001 - CONTROL NUMBER
control field 11287
003 - CONTROL NUMBER IDENTIFIER
control field GE_BSU
008 - FIXED-LENGTH DATA ELEMENTS--GENERAL INFORMATION
fixed length control field 181216s||||||||xx |||||||||||||| ||und||
040 ## - CATALOGING SOURCE
Transcribing agency GE_BSU
080 ## - UNIVERSAL DECIMAL CLASSIFICATION NUMBER
Universal Decimal Classification number 63(075.32)
100 ## - MAIN ENTRY--PERSONAL NAME
Personal name ქვირია ა.
245 ## - TITLE STATEMENT
Title სასოფლო-სამეურნეო მეტეოროლოგიისა და კლიმატოლოგიის საფუძვლები
245 ## - TITLE STATEMENT
Remainder of title სახელმძღვ. სას-სამ ტექნიკუმების მოსწავლეთათვის
245 ## - TITLE STATEMENT
Statement of responsibility, etc. რედ: ე. ჯიქია
260 ## - PUBLICATION, DISTRIBUTION, ETC.
Place of publication, distribution, etc. თბილისი.
260 ## - PUBLICATION, DISTRIBUTION, ETC.
Name of publisher, distributor, etc. განათლება.
260 ## - PUBLICATION, DISTRIBUTION, ETC.
Date of publication, distribution, etc. 1981
300 ## - PHYSICAL DESCRIPTION
Extent 270გვ.22სმ.
300 ## - PHYSICAL DESCRIPTION
Accompanying material დანართები გვ.254-256
653 ## - INDEX TERM--UNCONTROLLED
Uncontrolled term სასოფლო-სამეურნეო მეტეოროლოგიისა და კლიმატოლოგიის საფუძვლები
942 ## - ADDED ENTRY ELEMENTS (KOHA)
Koha item type წიგნი
ეგზემპლარები
Withdrawn status Lost status Damaged status Not for loan Date acquired Barcode Date last seen Price effective from Koha item type
        2018-12-17 19517 2018-12-17 2018-12-17 წიგნი
        2018-12-17 19518 2018-12-17 2018-12-17 წიგნი
        2018-12-17 19519 2018-12-17 2018-12-17 წიგნი
        2018-12-17 19520 2018-12-17 2018-12-17 წიგნი
        2018-12-17 19521 2018-12-17 2018-12-17 წიგნი
        2018-12-17 19522 2018-12-17 2018-12-17 წიგნი
        2018-12-17 19523 2018-12-17 2018-12-17 წიგნი
        2018-12-17 19524 2018-12-17 2018-12-17 წიგნი
        2018-12-17 19525 2018-12-17 2018-12-17 წიგნი
        2018-12-17 19526 2018-12-17 2018-12-17 წიგნი
        2018-12-17 19527 2018-12-17 2018-12-17 წიგნი
        2018-12-17 19508 2018-12-17 2018-12-17 წიგნი
        2018-12-17 19509 2018-12-17 2018-12-17 წიგნი
        2018-12-17 19510 2018-12-17 2018-12-17 წიგნი
        2018-12-17 19511 2018-12-17 2018-12-17 წიგნი
        2018-12-17 19512 2018-12-17 2018-12-17 წიგნი
        2018-12-17 19513 2018-12-17 2018-12-17 წიგნი
        2018-12-17 19514 2018-12-17 2018-12-17 წიგნი
        2018-12-17 19515 2018-12-17 2018-12-17 წიგნი
        2018-12-17 19516 2018-12-17 2018-12-17 წიგნი